Anubadkala (Record no. 7584)

MARC details
000 -LEADER
fixed length control field 00529cam a2200205ua 4500
001 - CONTROL NUMBER
control field 8482
005 - DATE AND TIME OF LATEST TRANSACTION
control field 20260515114336.0
008 - FIXED-LENGTH DATA ELEMENTS--GENERAL INFORMATION
fixed length control field 150202n ii |||gr||||Z||||||asm
040 ## - CATALOGING SOURCE
Transcribing agency MAIN
041 ## - LANGUAGE CODE
Language code of text/sound track or separate title asm
082 ## - DEWEY DECIMAL CLASSIFICATION NUMBER
Classification number 418.02
100 ## - MAIN ENTRY--PERSONAL NAME
Personal name Bezbora, Nirajana Mahanta,
Relator term Author.,
245 12 - TITLE STATEMENT
Title Anubadkala
Statement of responsibility, etc. by Nirajana Mahanta Bezbora
250 ## - EDITION STATEMENT
Edition statement 1st.
260 ## - PUBLICATION, DISTRIBUTION, ETC.
Place of publication, distribution, etc. Dibrugarh University:
Name of publisher, distributor, etc. Prabjal Bezbora,
Date of publication, distribution, etc. 1997.
300 ## - PHYSICAL DESCRIPTION
Extent 107p.
653 ## - INDEX TERM--UNCONTROLLED
Uncontrolled term Standard usage & applied linguistics
653 ## - INDEX TERM--UNCONTROLLED
Uncontrolled term Translation
942 ## - ADDED ENTRY ELEMENTS (KOHA)
Koha item type Books
Holdings
Withdrawn status Lost status Damaged status Not for loan Home library Current library Shelving location Date acquired Total checkouts Full call number Barcode Date last seen Copy number Price effective from Koha item type
        Naharkatiya College Library Naharkatiya College Library General stacks 09/19/2020   418.02 | BEZ 9789 09/19/2020 2 09/19/2020 Books
        Naharkatiya College Library Naharkatiya College Library General stacks 09/19/2020   418.02 | BEZ 9790 09/19/2020 1 09/19/2020 Books